Tiempos Del Cólera P300-310 - Statistics

General Stats
  • This quiz has been taken 3 times
  • The average score is 26 of 54
Answer Stats
Term Answer % Correct
Administrador Administrator
100%
Calvicie Baldness
100%
Clausurar Close
100%
Migaja Crumb
100%
Gaveta Drawer
100%
Engordar Gain Weight
100%
Homérico Homeric
100%
Convalecencia Recovery
100%
Signo Sign
100%
Yerno Son In Law
100%
Sustituto Substitute
100%
Avispa Wasp
100%
Asfixia Asphyxiation
50%
Infortunio Bad Luck
50%
Cherembecos Bits And Bobs
50%
Hastío Boredom
50%
Ramillete Bunch
50%
Desempedrar Dash
50%
Palomera Dove Seller
50%
Frivolidad Frivolity
50%
Mercería Hardware Store
50%
Inclemente Harsh
50%
Anca Haunch
50%
Soterrado Hidden
50%
Patria Homeland
50%
Migajas Leftovers
50%
Carmín Lipstick
50%
Exiguo Paltry
50%
Atávico Primitive
50%
Provinciano Provincial
50%
Tómbola Raffle
50%
Costra Scab
50%
Escaño Seat
50%
Liquidación Settlement
50%
Canilla Shinbone
50%
Tendero Shopkeeper
50%
Manantial Spring
50%
Abastecido Well Stocked
50%
Albayalde White Lead
50%
Desbraguetado Be Broke
0%
Cacharrero Crockery Seller
0%
Antier Day Before Yesterday
0%
Acicalar Dress Up
0%
Desmán Excess
0%
Chichas Extra Pounds
0%
Reincidir Fall Back Into
0%
Ermita Hermitage
0%
Arrullar Lull To Sleep
0%
Chicha Meat
0%
Almizcle Musk
0%
Palomar Pigeon Loft
0%
Trapisonda Scheme
0%
Embadurnar Smear
0%
Abotagado Swollen
0%
No matching quizzes found
Score Distribution
Percent of People with Each Score
Percentile by Number Answered
Your Score History
You have not taken this quiz